01486cam a2200361 a 4500001001400000003000800014005001700022006001900039007001500058008004100073020003800114040003000152049002600182050002200208082001400230245013800244260005200382300004300434520020000477504005100677521001700728588004700745650001900792650003000811655002900841700004400870700001800914710001600932776003500948856010600983942001601089999001901105EDZ0000082899StDuBDS20161031105202.0m||||||||d||||||||cr |||||||||||120427s2010 caua fo| 001|0|eng|d a9781446252161 (ebook) :cNo price aStDuBDSbengcStDuBDSepn aAlfaisal Main Library 0aHM831b.S623 201004a303.422300aSocial change and human developmenth[electronic resource] :bconcept and results /cedited by Rainer K. Silbereisen and Xinyin Chen. aLos Angeles, [Calif.] ;aLondon :bSAGE,c2010. a1 online resource (xi, 292 p.) :bill.8 aIn this innovative volume, Rainer K. Silbereisen and Xinyin Chen bring together international experts in the field to examine how changes in our social world impact on our individual development. aIncludes bibliographical references and index. aSpecialized. aDescription based on print version record. 0aSocial change. 0aDevelopmental psychology. 7aElectronic books.2local1 aSilbereisen, R. K.q(Rainer K.),d1944-1 aChen, Xinyin.2 aSage eBooks08iPrint version :z978184920019640uhttp://ezproxy.alfaisal.edu/login?url=http://sk.sagepub.com/books/social-change-and-human-development 2lcccEBOOKS c481223d481223